000 01808nab a2200289 a 4500
005 20250227063834.0
008 991125s1985 mx 000 0 spa u
035 _aUPN01000208339
049 _aART-E
100 1 _aVásquez Ortiz, Claudia
100 1 _aAlsina i Pastells, Angel
_930697
222 0 _aAVANCES DE INVESTIGACION EN EDUCACION MATEMATICA
245 0 0 _aEl conocimiento del profesorado para enseñar probabilidad: Un análisis global desde el m odelo del Conocimiento Didáctico - Matemático
260 _aEspaña
300 _a27-48
362 0 _a2015 No. 7
520 3 _aEn este artículo se presenta un análisis global de los resultados obtenidos en un estudio exploratorio sobre el conocimiento didáctico - matemático para enseñar probabilidad de los profesores de Educación Primaria, fundamentado en el modelo del Conocimiento Didáctico - Matemático (CDM) . Para evaluar las distintas facetas que involucra este tipo de conocimiento se analizan las prácticas matemáticas de 93 profesores de Educación Primaria en activo, a partir de las respuestas al cuestionario de respuesta abierta CDM - Probabilidad. Los resultados evidencian un conocimiento didáctico - matemático muy insuficiente para las distintas categorías que lo componen. Se concluye que es urgente elaborar progra mas de intervención que permitan desarrollar el conocimiento didáctico - matemático sobre probabilidad de los profesores de Educación Primaria .
653 0 _aPROBABILIDAD
653 0 _aEDUCACION PRIMARIA
653 0 _aCONOCIMIENTO MATEMATICO
856 4 _uhttp://www.aiem.es/index.php/aiem/article/view/104/45
905 _aArticulo
336 _atexto$2rdacontent
337 _acomputadora$2rdamedia
338 _arecurso en linea$2rdacarrier
999 _c180440
_d180440